| 000 | 00483nam a2200157 a 4500 | ||
|---|---|---|---|
| 001 | 000030077 | ||
| 005 | 20200930060026.0 | ||
| 008 | 110428s1974 dr a 000 0 spa d | ||
| 040 |
_aDO-SdBNP _bspa _cBNPHU |
||
| 082 |
_axxx _bB488s |
||
| 100 | 1 |
_aBerenguer, Rafael _955361 |
|
| 245 | 1 | 3 |
_aEl salto de longitud / _cRafael Berenguer. |
| 260 |
_aSanto Domingo : _bSecretarÃa de Estado de Educación , Bellas Artes y Cultos, _c1974. |
||
| 300 |
_a15 p. : _bil. ; _c23 cm. |
||
| 049 | _aBNPD | ||
| 999 |
_c29569 _d29569 |
||